| 000 | 00622nam a2200205 i 4500 | ||
|---|---|---|---|
| 001 | 87364 | ||
| 003 | ES-MaACL | ||
| 005 | 20230906175645.0 | ||
| 007 | t| | ||
| 008 | 041221s1983 xxu ||||1| eng d | ||
| 020 | _a0-471-88561-4 | ||
| 100 | 1 |
_aKrauss, Herbert L. _968771 |
|
| 245 | 1 | 0 |
_aSolid state radio engineering / _cHerbert L. Krauss, Charles W. Bostian, Frederick H. Raab. |
| 260 |
_aNew York : _bJohn Wiley and Sons, _c1983. |
||
| 300 |
_aXV, 534 p. ; _c22 cm. |
||
| 500 | _aIndices. | ||
| 700 | 1 |
_aBostian, Charles W. _930726 |
|
| 700 | 1 |
_aRaab, Frederick H. _994823 |
|
| 852 |
_aES-MaACL _jL-11664 _bR.113670 |
||
| 999 |
_c87364 _d87364 |
||